[Event "PRO League Eastern 2017"]
[Site "chess.com INT"]
[Date "2017.02.01"]
[Round "4"]
[White "Vaibhav, Suri"]
[Black "Bigabylov, Zhuban"]
[Result "1/2-1/2"]
[WhiteTitle "GM"]
[WhiteElo "2552"]
[BlackElo "2216"]
[WhiteTeam "Delhi Dynamite"]
[BlackTeam "Shymkent Nomads"]
[WhiteFideId "5045185"]
[BlackFideId "13701495"]
[EventDate "2017.01.11"]

1. d4 Nf6 2. Nf3 g6 3. g3 Bg7 4. Bg2 O-O 5. O-O d6 6. c4 Nc6 7. Nc3 a6 8. Qd3
Rb8 9. d5 Ne5 10. Nxe5 dxe5 11. e4 b5 12. cxb5 axb5 13. Be3 b4 14. Na4 c6 15.
Rfd1 cxd5 16. exd5 Bg4 17. Rd2 Bf5 18. Qb3 Ne4 19. Rdd1 Nd6 20. Rac1 Be4 21.
Bxe4 Nxe4 22. Rc4 f5 23. Rxe4 fxe4 24. d6+ Kh8 25. d7 Rf6 26. Bg5 Rf3 27. Qe6
Bf6 28. Be3 Rxe3 29. fxe3 b3 30. axb3 Qa5 31. b4 Qxa4 32. d8=Q+ Rxd8 33. Rxd8+
Kg7 34. Qc4 Qa1+ 35. Kg2 Qxb2+ 36. Kh3 Qf2 37. Rg8+ Kh6 38. Qxe4 Qf1+ 39. Qg2
Qd1 40. Qf2 Qd6 41. Rf8 Qxb4 42. Rxf6 exf6 43. Qxf6 Qe4 44. Qf8+ Kh5 45. Qf2
Qf5+ 46. Qxf5+ gxf5 47. Kg2 e4 48. h3 Kg5 49. Kf2 Kh5 50. Ke1 Kg5 51. Kf1 Kh5
52. Ke2 Kg5 53. Kf2 Kh5 54. Ke2 Kg5 55. Kf2 1/2-1/2

[Event "PRO League Eastern 2017"]
[Site "chess.com INT"]
[Date "2017.02.01"]
[Round "4"]
[White "Ghosh, Diptayan"]
[Black "Tadic, Branko"]
[Result "1/2-1/2"]
[WhiteTitle "GM"]
[BlackTitle "GM"]
[WhiteElo "2570"]
[BlackElo "2472"]
[WhiteTeam "Mumbai Movers"]
[BlackTeam "Belgrade Sparrows"]
[WhiteFideId "5045207"]
[BlackFideId "916412"]
[EventDate "2017.01.11"]

1. d4 d5 2. c4 e6 3. Nf3 c5 4. cxd5 exd5 5. g3 Nc6 6. Bg2 Nf6 7. Nc3 Be7 8. O-O
O-O 9. dxc5 d4 10. Na4 Bf5 11. Bf4 Qd7 12. Qb3 Rad8 13. Ne5 Nxe5 14. Bxe5 Be6
15. Qxb7 Qxa4 16. Qxe7 Rd7 17. Bxf6 Rxe7 18. Bxe7 Re8 19. Bd6 Bd7 20. b3 Qa6 21.
Bf3 Bc6 22. Bxc6 Qxc6 23. Rfd1 Re4 24. Rd2 h5 25. f3 Re6 26. Kf2 Qb5 27. Rc1 Re3
28. Rc4 Rc3 29. Rdxd4 Rxc4 30. Rxc4 Qc6 31. Bf4 Kh7 32. Be3 a6 33. h4 f6 34. Kg2
Kg6 35. Bf2 Kh7 36. Rb4 Qe6 37. e4 g5 38. Rb6 Qe5 39. c6 g4 40. c7 gxf3+ 41.
Kxf3 Qxc7 42. Rxa6 Qc2 43. Ra4 Kg6 44. Rd4 Qxa2 45. b4 Qb3+ 46. Be3 Qb1 47. Kf2
Qb2+ 48. Kf3 Qb1 49. Ke2 Qb2+ 50. Kf3 Qb1 51. Bf2 Qb3+ 52. Kg2 Qb1 53. Be3 Qb2+
54. Kf1 Qb1+ 55. Kf2 Qb2+ 56. Kf3 Qb1 57. Bd2 Qb3+ 58. Kf2 Qb2 59. Ke3 Qb1 60.
Rd3 Qg1+ 61. Ke2 Qb1 62. Bc3 Qc2+ 63. Ke3 f5 64. exf5+ Kxf5 65. Kd4 Qb1 66. Re3
Kg4 67. Kc5 Qg1 68. Bd4 Qc1+ 69. Rc3 Qe1 70. b5 Qe7+ 71. Kc4 Qe6+ 72. Kb4 Kh3
73. b6 Qd5 74. Bc5 Qc6 75. Rd3 Qe4+ 76. Rd4 Qc6 77. Rc4 Qd7 78. Rc3 Qc6 79. Rb3
Qe4+ 80. Kb5 Qe8+ 81. Kb4 Qe4+ 82. Ka3 Qa8+ 83. Kb2 Qg2+ 84. Ka1 Qh1+ 85. Ka2
Qg2+ 86. Kb1 Qe4+ 87. Ka2 Qc2+ 88. Rb2 Qc4+ 89. Ka1 Qc1+ 90. Ka2 Qxc5 91. Rb3
Qc2+ 92. Ka3 Qc5+ 93. Ka2 Qc2+ 94. Ka3 Qc5+ 95. Ka2 Qc2+ 1/2-1/2

[Event "PRO League Eastern 2017"]
[Site "chess.com INT"]
[Date "2017.02.01"]
[Round "4"]
[White "Bigabylov, Zhuban"]
[Black "Grover, Sahaj"]
[Result "0-1"]
[BlackTitle "GM"]
[WhiteElo "2216"]
[BlackElo "2467"]
[WhiteTeam "Shymkent Nomads"]
[BlackTeam "Delhi Dynamite"]
[WhiteFideId "13701495"]
[BlackFideId "5021103"]
[EventDate "2017.01.11"]

1. Nf3 Nf6 2. g3 d5 3. Bg2 g6 4. O-O Bg7 5. d3 O-O 6. c4 dxc4 7. dxc4 Qxd1 8.
Rxd1 Nc6 9. Nc3 Be6 10. Nd5 Bxd5 11. cxd5 Rfd8 12. e4 Nb4 13. Ne1 e6 14. Bg5 h6
15. Bxf6 Bxf6 16. a3 Na6 17. Nd3 exd5 18. exd5 Rd7 19. Rac1 Rad8 20. b4 c6 21.
dxc6 bxc6 22. Rxc6 Rxd3 23. Rxd3 Rxd3 24. Rxf6 Rxa3 25. b5 Nc7 26. Bf1 Ne6 27.
Kg2 Ra4 28. Rf3 Kg7 29. Rc3 Kf6 30. Rc6 Ke5 31. Bc4 g5 32. Rc8 Kf6 33. Bf1 Ra2
34. Rh8 Kg7 35. Ra8 Ra5 36. Bc4 Nc7 37. Rb8 Ra4 38. Be2 Nd5 39. Rb7 Ra2 40. Bh5
g4 41. Rxf7+ Kg8 42. h3 Ne3+ 43. Kh2 Nd1 44. Kg1 Ra1 45. hxg4 Ne3+ 46. Kh2 Nxg4+
47. Kg2 Ne5 48. Re7 Nd3 49. Be2 Nb2 50. Re6 Kg7 51. Ra6 Rxa6 52. bxa6 Kf6 53.
Kf3 Na4 54. Ke3 Nc3 55. Bd3 Ke5 56. f4+ Kd6 57. Kd4 Nd5 58. Bc4 Nf6 59. Be2 Nd5
60. Bf3 Nc7 61. Bb7 Ne6+ 62. Ke4 Ng7 63. g4 Ne6 64. Kf5 Ke7 65. Bc8 Nc5 66. Kg6
Nd3 67. f5 Ne5+ 68. Kh5 Kf6 69. Be6 Kg7 70. Bb3 Kf6 71. Bd1 Kg7 72. Be2 Nd7 73.
Kh4 Kf6 74. Kh5 Kg7 75. Kh4 Kf6 76. Kg3 Ke5 77. Kf3 Nf6 78. Ke3 h5 79. g5 Nd5+
80. Kd3 Nf4+ 81. Ke3 Kxf5 82. Bd1 Kxg5 83. Kf3 Kf5 84. Bc2+ Kg5 85. Kg3 h4+ 86.
Kh2 Kg4 87. Be4 Ne2 88. Bb7 Ng3 89. Bc8+ Kg5 90. Kh3 Ne2 91. Bb7 Nf4+ 92. Kh2
Kf6 93. Bc8 Ke5 94. Bb7 Kd6 95. Ba8 Kc7 96. Bb7 Kb6 97. Bc8 Kb5 98. Bb7 Ka5 99.
Bc8 Kb6 100. Bb7 Nd3 101. Kh3 Nc5 102. Bc8 Nxa6 103. Kxh4 Nc5 104. Kg3 Kb5 105.
Kf2 Kb4 106. Ke3 Kc3 107. Bf5 a5 108. Bh7 a4 109. Bb1 Kb2 110. Bf5 a3 0-1

[Event "PRO League Eastern 2017"]
[Site "chess.com INT"]
[Date "2017.02.01"]
[Round "4"]
[White "Makoto, Rodwell"]
[Black "Lenic, Luka"]
[Result "1/2-1/2"]
[WhiteTitle "IM"]
[BlackTitle "GM"]
[WhiteElo "2403"]
[BlackElo "2641"]
[WhiteTeam "Johannesburg Koeksisters"]
[BlackTeam "Ljubljana Direwolves"]
[WhiteFideId "11000120"]
[BlackFideId "14603853"]
[EventDate "2017.01.11"]

1. Nf3 Nf6 2. c4 e6 3. g3 d5 4. Bg2 dxc4 5. Qa4+ Nbd7 6. Qxc4 c5 7. d3 Be7 8.
O-O O-O 9. Qc2 Nd5 10. Nc3 b6 11. a3 Bb7 12. Rd1 Rc8 13. e4 Nxc3 14. bxc3 Nf6
15. a4 c4 16. e5 cxd3 17. Rxd3 Nd5 18. Bb2 Qc7 19. Qb3 Ba6 20. Rd2 Bc4 21. Qd1
Rfd8 22. Qe1 a6 23. Nd4 Bg5 24. f4 Be7 25. h4 Bc5 26. Kh2 Ne7 27. Rad1 Bd5 28.
Bf1 Bb7 29. Bh3 Bxd4 30. cxd4 Bd5 31. Ba3 Qd7 32. Rb1 Rc6 33. Bf1 Ra8 34. Qf2 h5
35. Bxe7 Qxe7 36. f5 exf5 37. Qxf5 g6 38. Qf4 Qc7 39. Rbb2 Rc3 40. Rf2 Rd8 41.
Bxa6 Rc1 42. Bf1 Ra1 43. Rbc2 Qe7 44. Rb2 Qc7 45. Bg2 Bxg2 46. Kxg2 Rxa4 47.
Rfd2 Qc6+ 48. Qf3 Qxf3+ 49. Kxf3 Raxd4 50. Rxd4 Rxd4 51. Rxb6 Kg7 52. e6 fxe6 1/2-1/2